<?xml version="1.0" encoding="UTF-8"?>
<record
    xmlns:xsi="http://www.w3.org/2001/XMLSchema-instance"
    xsi:schemaLocation="http://www.loc.gov/MARC21/slim http://www.loc.gov/standards/marcxml/schema/MARC21slim.xsd"
    xmlns="http://www.loc.gov/MARC21/slim">

  <leader>01135nam a2200301Ia 4500</leader>
  <controlfield tag="003">OSt</controlfield>
  <controlfield tag="005">20241210155911.0</controlfield>
  <controlfield tag="008">200826s9999||||xx |||||||||||||| ||und||</controlfield>
  <datafield tag="020" ind1=" " ind2=" ">
    <subfield code="a">9789868316348</subfield>
  </datafield>
  <datafield tag="020" ind1=" " ind2=" ">
    <subfield code="a">9868316340</subfield>
  </datafield>
  <datafield tag="040" ind1=" " ind2=" ">
    <subfield code="c">0</subfield>
  </datafield>
  <datafield tag="041" ind1=" " ind2=" ">
    <subfield code="a">chi</subfield>
    <subfield code="h">eng</subfield>
  </datafield>
  <datafield tag="050" ind1=" " ind2=" ">
    <subfield code="a">HQ743 </subfield>
    <subfield code="b">.G78 2015</subfield>
  </datafield>
  <datafield tag="100" ind1=" " ind2=" ">
    <subfield code="a">Bogner, Magdalena </subfield>
  </datafield>
  <datafield tag="245" ind1=" " ind2="0">
    <subfield code="a">&#x5BB6;&#x5EAD;&#x662F;&#x4EBA;&#x751F;&#x7684;&#x5192;&#x96AA;: </subfield>
    <subfield code="b">&#x4E00;&#x8D9F;&#x6DEC;&#x7149;&#x751F;&#x547D;&#x7684;&#x65C5;&#x7A0B; = Abenteuer leben: das spirituelle familienbuch.Subject Families / </subfield>
    <subfield code="c">&#x746A;&#x9054;&#x84EE;&#x5A1C;.&#x4F2F;&#x683C;&#x7D0D; (Magdalena Bogner), &#x53E4;&#x502B;&#x795E;&#x7236; (Anselm Gr&#xFC;n) &#x8457;; &#x912D;&#x7389;&#x82F1;&#x8B6F;</subfield>
  </datafield>
  <datafield tag="246" ind1=" " ind2=" ">
    <subfield code="a">&#x5BB6;&#x5EAD;&#x662F;&#x4EBA;&#x751F;&#x7684;&#x5192;&#x9669; :</subfield>
    <subfield code="b">&#x4E00;&#x8D9F;&#x6DEC;&#x70BC;&#x751F;&#x547D;&#x7684;&#x65C5;&#x7A0B; =Abenteuer leben : das spirituelle familienbuch. Subject Families. / </subfield>
  </datafield>
  <datafield tag="250" ind1=" " ind2=" ">
    <subfield code="a">2nd ed.</subfield>
  </datafield>
  <datafield tag="260" ind1=" " ind2=" ">
    <subfield code="a">&#x53F0;&#x5317;  : </subfield>
    <subfield code="b">&#x5357;&#x8207;&#x5317;&#x6587;&#x5316;&#x51FA;&#x7248;&#x793E;,</subfield>
    <subfield code="c">2015</subfield>
  </datafield>
  <datafield tag="300" ind1=" " ind2=" ">
    <subfield code="a">250 p.</subfield>
    <subfield code="b">;</subfield>
    <subfield code="c">21 cm.</subfield>
  </datafield>
  <datafield tag="490" ind1=" " ind2=" ">
    <subfield code="a">&#x53E4;&#x502B;&#x53E2;&#x66F8; ; 5</subfield>
  </datafield>
  <datafield tag="500" ind1=" " ind2=" ">
    <subfield code="a">Translation of: Abenteuer leben: das spirituelle familienbuch.Subject Families.</subfield>
  </datafield>
  <datafield tag="650" ind1=" " ind2=" ">
    <subfield code="a">Chinese language materials.</subfield>
  </datafield>
  <datafield tag="650" ind1=" " ind2=" ">
    <subfield code="a">Families.</subfield>
  </datafield>
  <datafield tag="700" ind1=" " ind2=" ">
    <subfield code="a">Gr&#xFC;n, Anselm </subfield>
  </datafield>
  <datafield tag="700" ind1=" " ind2=" ">
    <subfield code="a">&#x746A;&#x9054;&#x84EE;&#x5A1C;.&#x4F2F;&#x683C;&#x7D0D;</subfield>
  </datafield>
  <datafield tag="700" ind1=" " ind2=" ">
    <subfield code="a">&#x912D;&#x7389;&#x82F1; </subfield>
  </datafield>
  <datafield tag="942" ind1=" " ind2=" ">
    <subfield code="2">ddc</subfield>
    <subfield code="c">CB</subfield>
  </datafield>
  <datafield tag="952" ind1=" " ind2=" ">
    <subfield code="0">0</subfield>
    <subfield code="1">0</subfield>
    <subfield code="4">0</subfield>
    <subfield code="7">0</subfield>
    <subfield code="a">GETS</subfield>
    <subfield code="b">GETS</subfield>
    <subfield code="c">GEN</subfield>
    <subfield code="d">2020-08-26</subfield>
    <subfield code="l">1</subfield>
    <subfield code="m">1</subfield>
    <subfield code="o">HQ743 .G78 2015</subfield>
    <subfield code="p">00009253</subfield>
    <subfield code="r">2025-02-18 12:38:43</subfield>
    <subfield code="s">2024-12-10</subfield>
    <subfield code="w">2020-08-26</subfield>
    <subfield code="y">CB</subfield>
  </datafield>
  <datafield tag="999" ind1=" " ind2=" ">
    <subfield code="c">21607</subfield>
    <subfield code="d">21607</subfield>
  </datafield>
</record>
